| 000 | 00691cam a22002173a 4500 | ||
|---|---|---|---|
| 001 | 40858 | ||
| 003 | PGUSA | ||
| 005 | 20140828083919.0 | ||
| 008 | 120925s2012||||xxu|||||s|||||000 | eng d | ||
| 040 |
_aPGUSA _beng |
||
| 042 | _adc | ||
| 100 | 1 | _aD'Aubigné, J. H. Merle | |
| 245 | 1 | 0 |
_aHistory of the Reformation in the Sixteenth Century (Volume 1) : _bA new translation by Henry Beveridge _h[electronic resource] / _cJ. H. Merle D'Aubigné |
| 260 |
_bProject Gutenberg, _c2012 |
||
| 506 | _aPublic domain in the USA. | ||
| 516 | _aElectronic text | ||
| 700 | 1 | _aBeveridge, Henry | |
| 830 | 0 |
_aProject Gutenberg _v40858 |
|
| 856 | 4 | 0 | _uhttp://www.gutenberg.org/ebooks/40858 |
| 942 | _cEB | ||
| 999 |
_c270110 _d270110 |
||